000 00340nam a2200145Ia 4500
008 221030s9999 xx 000 0 und d
041 _aEnglish
082 _a105.23
100 _aP. K. Thaker
245 0 _aDeveloping English Skills
_cby P. K. Thaker , S. D. Desai
260 _c0
650 _aB
700 _aS. D. Desai
942 _cBK
999 _c12461
_d12461